Richest People in the World 2023 - Statistics

General Stats
  • This quiz has been taken 90 times
  • The average score is 4 of 10
Answer Stats
Hint Answer % Correct
#1 Elon Musk
95%
#6 Bill Gates
82%
#3 Jeff Bezos
82%
#7 Mark Zuckerberg
57%
#5 Warren Buffett
43%
#9 Larry Page
18%
#10 Sergey Brin
17%
#4 Larry Ellison
14%
#8 Steve Ballmer
11%
#2 Bernard Arnault & family
5%
No matching quizzes found
Score Distribution
Percent of People with Each Score
Percentile by Number Answered
Your Score History
You have not taken this quiz